Barnabé Rudge / (Record no. 48741)

MARC details
000 -LEADER
campo de control de longitud fija 00656nam a22001935i 4500
001 - NÚMERO DE CONTROL
campo de control 48741
003 - IDENTIFICADOR DE NÚMERO DE CONTROL
campo de control ES-MaACL
005 - FECHA Y HORA DE LA ÚLTIMA TRANSACCIÓN
campo de control 20230906161817.0
007 - CAMPO FIJO DE DESCRIPCIÓN FÍSICA--INFORMACIÓN GENERAL
campo de control de longitud fija t|
008 - DATOS DE LONGITUD FIJA--INFORMACIÓN GENERAL
campo de control de longitud fija 950728s1858 fr ||||1| fre d
080 ## - NÚMERO DE LA CLASIFICACIÓN DECIMAL UNIVERSAL
Número de la Clasificación Decimal Universal 821.111-31"18"
100 1# - ENTRADA PRINCIPAL--NOMBRE DE PERSONA
Nombre de persona Dickens, Charles.
9 (RLIN) 44489
245 10 - MENCIÓN DEL TÍTULO
Título Barnabé Rudge /
Mención de responsabilidad, etc. par Ch. Dickens ; roman anglais traduit [par Bonnomet] avec l'autorisation de l'auteur sous la direction de P. Lorain.
260 ## - PUBLICACIÓN, DISTRIBUCIÓN, ETC.
Lugar de publicación, distribución, etc. Paris :
Nombre del editor, distribuidor, etc. L. Hachette et Cie,
Fecha de publicación, distribución, etc. 1858 (
Fabricante Ch. Lahure et Cie)
300 ## - DESCRIPCIÓN FÍSICA
Extensión 1 v. (391, 386 p.) ;
Dimensiones 18 cm.
700 1# - ENTRADA AGREGADA--NOMBRE PERSONAL
Nombre de persona Bonnomet.
9 (RLIN) 149755
700 1# - ENTRADA AGREGADA--NOMBRE PERSONAL
Nombre de persona Lorain, Paul (
Fechas asociadas al nombre 1799-1861)
9 (RLIN) 74061
852 4# - LOCALIZACIÓN
Ubicación ES-MaACL
Número de control de estantería F-11042
Holdings
Estatus retirado Estado de pérdida Estado de daño No para préstamo Colección Biblioteca de origen Biblioteca actual Ubicación en estantería Fecha de adquisición Fuente de adquisición Total de préstamos Signatura topográfica completa Código de barras Visto por última vez Precio de reemplazo Tipo de ítem Koha
        Libros del s. XIX Biblioteca del Ateneo de Madrid Biblioteca del Ateneo de Madrid Sala Pecera Planta 2 17/01/2008     F-11042 1051294 23/02/2023 23/02/2023 Libro impreso antiguo